|
|
|
|
| LEADER |
00000nam0a2200000 4500 |
| 001 |
312798 |
| 005 |
20231102002524.0 |
| 035 |
|
|
|a (RuTPU)RU\TPU\book\338168
|
| 035 |
|
|
|a RU\TPU\book\140095
|
| 090 |
|
|
|a 312798
|
| 100 |
|
|
|a 20151228d2014 m y0rusy50 ca
|
| 101 |
0 |
|
|a rus
|
| 102 |
|
|
|a RU
|
| 105 |
|
|
|a y j 001zy
|
| 200 |
1 |
|
|a Управленческие решения
|e учебное пособие
|f В. С. Иванова
|g Национальный исследовательский Томский политехнический университет (ТПУ)
|
| 210 |
|
|
|a Томск
|c Изд-во ТПУ
|d 2014
|
| 215 |
|
|
|a 82 с.
|
| 320 |
|
|
|a Библиогр.: с. 63.
|
| 330 |
|
|
|a Данное пособие знакомит студентов с теоретическими положениями и технологией принятия управленческих решений, а также формирует представления о значении решений в практике управления, о содержании и задачах процесса принятия решений, о факторах качества эффективных решений. Содержит конспект лекций и практикум по курсу «Управленческие решения».Предназначено для студентов, обучающихся по специальности «Менеджмент» и «Документоведение в управленческой деятельности».
|
| 606 |
1 |
|
|a Управленческие решения
|x Принятие
|2 stltpush
|3 (RuTPU)RU\TPU\subj\37173
|9 58293
|
| 610 |
1 |
|
|a экономика
|
| 610 |
1 |
|
|a менеджмент
|
| 610 |
1 |
|
|a управление
|
| 610 |
1 |
|
|a управленческие решения
|
| 610 |
1 |
|
|a труды учёных ТПУ
|
| 610 |
1 |
|
|a учебные пособия
|
| 610 |
1 |
|
|a принятие
|
| 610 |
1 |
|
|a выбор
|
| 610 |
1 |
|
|a разработка
|
| 610 |
1 |
|
|a методы
|
| 610 |
1 |
|
|a выполнение
|
| 610 |
1 |
|
|a контроль
|
| 686 |
|
|
|a У9(2)212.8я73
|2 rubbk
|
| 700 |
|
1 |
|a Иванова
|b В. С.
|c российский социолог
|c доцент Томского политехнического университета, кандидат философских наук
|f 1956-
|g Вера Степановна
|2 stltpush
|3 (RuTPU)RU\TPU\pers\28648
|
| 712 |
0 |
2 |
|a Национальный исследовательский Томский политехнический университет (ТПУ)
|c (2009- )
|2 stltpush
|3 (RuTPU)RU\TPU\col\15902
|
| 801 |
|
1 |
|a RU
|b 63413507
|c 20080124
|g PSBO
|
| 801 |
|
2 |
|a RU
|b 63413507
|c 20160114
|g PSBO
|
| 900 |
|
|
|a Управленческая экономика
|
| 900 |
|
|
|a Управленческие решения
|
| 900 |
|
|
|a Разработка управленческих решений
|
| 900 |
|
|
|a Разработка управленческого решения
|
| 942 |
|
|
|c BK
|